000 00299nam a22001337a 4500
008 210224b ||||| |||| 00| 0 eng d
020 _a0882841254
041 _aeng
080 _a33
100 _a59
101 _aBIZ
245 _aApplied Business Communication
_cFeinberg ,O.L
942 _2udc
_cBK
999 _c55146
_d55146